000 00746nam a22001937a 4500
003 OSt
005 20260530113913.0
008 260506b1998 mx a|||| |||| 00| 0 spa d
040 _aICI
_bspa
_cICI
050 0 _aNX514.M66
_bR63
100 1 _aRodríguez de Longoria, Josefina,
_eautor
_933731
245 1 0 _aCien años de arte y cultura en Monterrey :
_ba traves de su gente, museos y exposiciones /
_cJosefina Rodríguez de Longoria
260 _aMéxico :
_bGrupo Impresores Unidos,
_c1998
300 _a275páginas
_bilustraciones
_c32cm.
650 0 _aArtes mexicanas
_ySiglo XX
_zMonterrey
_933732
650 0 _aMuseos
_xHistoria
_ySiglo XX
_zMonterrey
_933733
650 0 _aExposiciones
_xHistoria
_ySiglo XX
_zMonterrey
_933734
942 _2lcc
_cBK
_n0
999 _c12203
_d12203